Etika a slobodné povolania

Charakteristické znaky slobodných povolaní. Klasifikácia slobodných povolaní. Vymedzenie obsahu pojmu etika a etický kódex. Etika v podnikaní ako systém. Etika, etická zodpovednosť a etický kódex účtovníkov a audítorov. Etika, etická zodpovednosť a etický kódex patentových zástupcov.

Guardado en:
Detalles Bibliográficos
Autor principal: Foltínová, Alžbeta
Otros Autores: Matušovič, Martin
Formato: Capítulo de libro
Lenguaje:eslovaco
Materias:
Etiquetas: Agregar Etiqueta
Sin Etiquetas, Sea el primero en etiquetar este registro!

MARC

LEADER 00000naa$a2200000$$$4500
001 0074069
005 20240502071858.6
041 0 |a slo 
044 |a SK 
245 1 0 |a Etika a slobodné povolania  |c Alžbeta Foltínová, Martin Matušovič 
520 |a Charakteristické znaky slobodných povolaní. Klasifikácia slobodných povolaní. Vymedzenie obsahu pojmu etika a etický kódex. Etika v podnikaní ako systém. Etika, etická zodpovednosť a etický kódex účtovníkov a audítorov. Etika, etická zodpovednosť a etický kódex patentových zástupcov. 
610 2 0 |a kódexy etické 
610 2 0 |a podnikanie 
610 2 0 |a zodpovednosť spoločenská 
610 2 0 |a prostredie podnikateľské 
610 2 0 |a účtovníci 
610 2 0 |a audítori 
610 2 0 |a vlastníctvo duševné 
100 1 |a Foltínová, Alžbeta 
700 1 |a Matušovič, Martin